Cơ sở thiết kế máy & chi tiết máy : (Sách được dùng làm giáo trình cho sinh viên đại học và cao đẳng kỹ thuật)
Sách trình bày nội dung về lựa chọn kết cấu và lắp ghép, chỉ dẫn về phương pháp giải các bài toán chi tiết máy và hướng dẫn phương pháp tiến hành thiết kế chi tiết máy và hệ dẫn động cơ khí trên máy vi tính....
Gespeichert in:
| 1. Verfasser: | |
|---|---|
| Format: | Buch |
| Sprache: | Undetermined |
| Veröffentlicht: |
Hà Nội
Khoa học và Kỹ thuật
2005
|
| Schlagworte: | |
| Tags: |
Tag hinzufügen
Keine Tags, Fügen Sie den ersten Tag hinzu!
|
| Thư viện lưu trữ: | Trung tâm Học liệu Trường Đại học Cần Thơ |
|---|
| LEADER | 01074nam a2200217Ia 4500 | ||
|---|---|---|---|
| 001 | CTU_152161 | ||
| 008 | 210402s9999 xx 000 0 und d | ||
| 020 | |c 39000 | ||
| 082 | |a 621.82 | ||
| 082 | |b Ch124 | ||
| 100 | |a Trịnh, Chất | ||
| 245 | 0 | |a Cơ sở thiết kế máy & chi tiết máy : | |
| 245 | 0 | |b (Sách được dùng làm giáo trình cho sinh viên đại học và cao đẳng kỹ thuật) | |
| 245 | 0 | |c Trịnh Chất | |
| 260 | |a Hà Nội | ||
| 260 | |b Khoa học và Kỹ thuật | ||
| 260 | |c 2005 | ||
| 520 | |a Sách trình bày nội dung về lựa chọn kết cấu và lắp ghép, chỉ dẫn về phương pháp giải các bài toán chi tiết máy và hướng dẫn phương pháp tiến hành thiết kế chi tiết máy và hệ dẫn động cơ khí trên máy vi tính. | ||
| 650 | |a Thiết kế máy,Machine design,Machine parts | ||
| 904 | |i Kiều Nguyên | ||
| 980 | |a Trung tâm Học liệu Trường Đại học Cần Thơ | ||